000 00654nam a2200193Ia 4500
008 230921s9999||||xx |||||||||||||| ||und||
020 _a978-3-319-15278-3
022 _a2213-221X
041 _aEN
100 _aMadhu Singh
245 0 _aGlobal Perspectives on Recognising Non-formal and Informal Learning
250 _a2015
260 _c2015
_bSpringer International Publishing
300 _b21
440 _aTechnical and Vocational Education and Training: Issues, Concerns and Prospects
856 _uhttps://doi.org/10.1007/978-3-319-15278-3
856 _uhttps://link.springer.com/openurl?genre=book&isbn=978-3-319-15278-3
942 _cEB
999 _c276780
_d276780